| 000 | 00860nam a2200277Ia 4500 | ||
|---|---|---|---|
| 001 | Z_601 | ||
| 003 | CHAP | ||
| 008 | 220113s1989 xx 000 0 und d | ||
| 010 | _a163712 | ||
| 040 | _cCHAP | ||
| 090 | _aTesis Q 531 | ||
| 100 |
_aQuijano Nadal, Humberto Antonio _993310 |
||
| 245 |
_aProblemática de la organización ejidal: el caso de "El gallito" en Quintana Roo (Seminario de titulación) / _cpor Humberto Antonio Quijano Nadal |
||
| 260 |
_aChapingo, Méx. : _bEl autor, _c1989 |
||
| 300 | _a46 h. | ||
| 502 | _aTesis (Ing. Agrónomo Esp. en Zootecnia) -- UACH. Departamento de Zootecnia | ||
| 650 |
_aEjido el gallito, Q. R. _935893 |
||
| 650 |
_aEjidos _xQuintana Roo _936027 |
||
| 650 |
_aQuintana Roo _xEjidos _9137828 |
||
| 901 | _aTESIS Q 531 | ||
| 902 | _aM | ||
| 910 | _a1989 | ||
| 942 | _c2 | ||
| 942 | _c2 | ||
| 999 |
_c163712 _d163712 |
||